Central Library OPAC University of Rajshahi

Revisions : (Record no. 2028)

MARC details
000 -LEADER
fixed length control field 01210cam a22003374a 4500
001 - CONTROL NUMBER
control field 2028
003 - CONTROL NUMBER IDENTIFIER
rucl marc code BD-RjUL
005 - DATE AND TIME OF LATEST TRANSACTION
control field 20211208233451.0
008 - FIXED-LENGTH DATA ELEMENTS--GENERAL INFORMATION
fixed length control field 131210s2002 enk b 001 0 eng
020 ## - INTERNATIONAL STANDARD BOOK NUMBER
International Standard Book Number 0335205232
International Standard Book Number 0335205224 (pbk.)
035 ## - SYSTEM CONTROL NUMBER
System control number (BD-RjUL)2055
040 ## - CATALOGING SOURCE
Original cataloging agency DLC
Transcribing agency DLC
Modifying agency DLC
Language of cataloging eng
041 ## - LANGUAGE CODE
Language code of text/sound track or separate title eng
082 00 - DEWEY DECIMAL CLASSIFICATION NUMBER
Classification number 305.3
Edition number 21
Author mark and year ADR
100 1# - MAIN ENTRY--PERSONAL NAME
Personal name Adkins, Lisa,
Dates associated with a name 1966-
9 (RLIN) 6654
245 10 - TITLE STATEMENT
Title Revisions :
Remainder of title gender and sexuality in late modernity /
Statement of responsibility, etc. Lisa Adkins.
260 ## - PUBLICATION, DISTRIBUTION, ETC. (IMPRINT)
Place of publication, distribution, etc. Buckingham [UK] ;
-- Philadelphia :
Name of publisher, distributor, etc. Open University Press,
Date of publication, distribution, etc. 2002.
300 ## - PHYSICAL DESCRIPTION
Pagination viii, 152 p. ;
Size 23 cm.
504 ## - BIBLIOGRAPHY, ETC. NOTE
Bibliography, etc Includes bibliographical references (p. [139]-148) and index.
650 #0 - SUBJECT ADDED ENTRY--TOPICAL TERM
Topical term or geographic name as entry element Sex role.
9 (RLIN) 6655
Topical term or geographic name as entry element Social mobility.
9 (RLIN) 516
Topical term or geographic name as entry element Feminism.
9 (RLIN) 6656
Topical term or geographic name as entry element Sex role in the work environment.
9 (RLIN) 6657
856 42 - ELECTRONIC LOCATION AND ACCESS
Materials specified Publisher description
Uniform Resource Identifier <a href="http://www.loc.gov/catdir/description/mh051/2001056012.html">http://www.loc.gov/catdir/description/mh051/2001056012.html</a>
Materials specified Contributor biographical information
Uniform Resource Identifier <a href="http://www.loc.gov/catdir/bios/mh051/2001056012.html">http://www.loc.gov/catdir/bios/mh051/2001056012.html</a>
Materials specified Table of contents
Uniform Resource Identifier <a href="http://www.loc.gov/catdir/toc/mh051/2001056012.html">http://www.loc.gov/catdir/toc/mh051/2001056012.html</a>
942 ## - ADDED ENTRY ELEMENTS (KOHA)
Source of classification or shelving scheme Dewey Decimal Classification
Koha item type Books
Holdings
Lost status Source of classification or shelving scheme Damaged status Not for loan Collection code Permanent Location Current Location Shelving location Date acquired Source of acquisition Cost, normal purchase price Total Checkouts Full call number Date last seen Copy number Koha item type
  Dewey Decimal Classification     Non-fiction Central Library, University of Rajshahi Central Library, University of Rajshahi   15/05/2006 Paragon Enterprises 24.95   305.3 ADR 2002 10/12/2013 C-2 Books
  Dewey Decimal Classification     Non-fiction Central Library, University of Rajshahi Central Library, University of Rajshahi   12/05/2006 Paragon Enterprise, Dhaka. 24.95   305.3 ADR 2002 20/05/2014 C-3 Books
  Dewey Decimal Classification     Non-fiction Central Library, University of Rajshahi Central Library, University of Rajshahi   15/05/2006 Paragon Enterprise, Dhaka. 24.95   305.3 ADR 2002 20/05/2014 C-5 Books
  Dewey Decimal Classification     Non-fiction Central Library, University of Rajshahi Central Library, University of Rajshahi   20/05/2006 Paragon Enterprise, Dhaka. 17.99   305.3 ADR 2002 20/05/2014 C-6 Books
  Dewey Decimal Classification     Non-fiction Central Library, University of Rajshahi Central Library, University of Rajshahi   28/02/2008 Paragon Enterprise, Dhaka. 17.00   305.3 ADR 2002 20/05/2014 C-7 Books
  Dewey Decimal Classification   Not For Loan Non-fiction Central Library, University of Rajshahi Central Library, University of Rajshahi Reading Room 15/05/2006 Paragon Enterprises Dhaka 24.95   305.3 ADR 2002 11/12/2016 C-1 Books